000 00817nam a2200253 a 4500
001 000008509
003 DO-SdBNP
005 20240731113400.0
008 090917s2001 dr r 000 0 spa d
020 _a9993483338
040 _aDO-SdBNP
_bspa
_cBPMSU
082 4 _a341.11
_bC212d 2001
_222
100 1 _aCanal-Forgues, Eric
245 1 0 _aDerecho internacional público /
_cEric Canal-Forgues
260 _aSanto Domingo :
_bEditora Centenario
_c2001
300 _a77 p. ;
_c22 cm.
590 _aInventariado, 2024/VM
650 4 _aDerecho internacional público
650 4 _aDerecho internacional público
_xEnseñanza
_zRepública Dominicana
650 4 _aEstados
710 2 _aEscuela Diplomática y Consular (República Dominicana)
910 _aVMateo V. Control de calidad. BPMSU
942 _2ddc
_cBK
999 _c14760
_d14760